000 01177nam a2200253Ia 4500
003 Ost
005 20260507075427.0
008 260507s9999||||xx |||||||||||||| ||und||
020 _a9957163778
040 _cfsecg
041 _aara
082 _a336
100 _aالقيسي، اعاد حمود
_eمؤلف
245 0 _aالمالية العامة والتشريع الضريبي /
_c اعاد حمود القيسي
250 _aطبعة 8
260 _aعمان:
_bدار الثقافة,
_c2011
300 _a215 صفحة؛
_bإيضاحات ؛
_c25 سم
504 _aببليوغرافيا: ص.206
520 _aمادة المالية العامة، مفهوم المالية العامة، النفقات العامة، الايرادات العامة، السياسة المالية والموازنة العامة في الأردن، النظرية العامة للضريبة والتشريع الأردني، النظرية العامة للضريبة، القانون الضريبي، التشريع الضريبي الأردني
653 _aالتشريع
653 _aالضرائب
653 _aالمالية العامة
942 _cكتاب
999 _c44493
_d44493